<?xml version="1.0" encoding="UTF-8"?>
<record
    xmlns:xsi="http://www.w3.org/2001/XMLSchema-instance"
    xsi:schemaLocation="http://www.loc.gov/MARC21/slim http://www.loc.gov/standards/marcxml/schema/MARC21slim.xsd"
    xmlns="http://www.loc.gov/MARC21/slim">

  <leader>02194nam a2200313 a 4500</leader>
  <controlfield tag="003">DO-SdBNP</controlfield>
  <controlfield tag="005">20250407105528.0</controlfield>
  <controlfield tag="007">ta</controlfield>
  <controlfield tag="008">220623e2000    dr a|||| |||| 001 0 spa d</controlfield>
  <datafield tag="040" ind1=" " ind2=" ">
    <subfield code="a">DO-SdBNP</subfield>
    <subfield code="b">spa</subfield>
    <subfield code="c">BNPHU</subfield>
  </datafield>
  <datafield tag="082" ind1=" " ind2="4">
    <subfield code="2">22</subfield>
    <subfield code="b">P699m</subfield>
  </datafield>
  <datafield tag="245" ind1="1" ind2="0">
    <subfield code="a">Planes de manejo del cintur&#xF3;n verde de la Ciudad de Santo Domingo:</subfield>
    <subfield code="b">zona ambiental "A" R&#xED;o Haina. /</subfield>
    <subfield code="c">Manuel Gil Mart&#xED;nez.</subfield>
  </datafield>
  <datafield tag="260" ind1=" " ind2=" ">
    <subfield code="a">Santo Domingo : </subfield>
    <subfield code="b">Consejo Nacional de Asuntos Urbanos,</subfield>
    <subfield code="c"> 2000</subfield>
  </datafield>
  <datafield tag="300" ind1=" " ind2=" ">
    <subfield code="a">3 v. :</subfield>
    <subfield code="b">il. ; </subfield>
    <subfield code="c">28 cm</subfield>
  </datafield>
  <datafield tag="490" ind1=" " ind2=" ">
    <subfield code="a">Cintur&#xF3;n Verde de la Ciudad de Santo Domingo</subfield>
  </datafield>
  <datafield tag="504" ind1=" " ind2=" ">
    <subfield code="a">Incluye bibliograf&#xED;a: v.1 p. 76-80. v.2, p. 44- 49. </subfield>
  </datafield>
  <datafield tag="505" ind1="0" ind2=" ">
    <subfield code="a">v.1. Plan de manejo de la Zona Ambiental A.</subfield>
  </datafield>
  <datafield tag="505" ind1="0" ind2=" ">
    <subfield code="a">RIO HAINA.</subfield>
    <subfield code="t">I. Introducci&#xF3;n.--</subfield>
    <subfield code="t">II. La Zona Ambiental "A" en el contexto del R&#xED;o Haina.--</subfield>
    <subfield code="t">III. El R&#xED;o Haina y sus recursos.--</subfield>
    <subfield code="t">Bibliograf&#xED;a.</subfield>
    <subfield code="t">Presentaci&#xF3;n.</subfield>
    <subfield code="t">I. Introducci&#xF3;n.--</subfield>
    <subfield code="t">II. Criterios y objetivos.--</subfield>
    <subfield code="t">III. Descripci&#xF3;n de la ordenaci&#xF3;n.--</subfield>
    <subfield code="t">IV. Gesti&#xF3;n.--</subfield>
    <subfield code="t">V. Mecanismo de de compensaci&#xF3;n.--</subfield>
    <subfield code="t">VI.Uso p&#xFA;blico del Cintur&#xF3;n Verde.--</subfield>
    <subfield code="t">VII. Recomendaciones Generales.--</subfield>
    <subfield code="t">VIII. Planos de ordenaci&#xF3;n.</subfield>
  </datafield>
  <datafield tag="505" ind1="0" ind2=" ">
    <subfield code="a">V.2. Plan de Manejo de la Zona Ambiental B.</subfield>
    <subfield code="t">Presentaci&#xF3;n.</subfield>
    <subfield code="t">I. Introducci&#xF3;n.--</subfield>
    <subfield code="t">II. La Zona Ambiental "B" en la cuenca del R&#xED;o Haina.--</subfield>
    <subfield code="t">III. El Arroyo Guzm&#xE1;n y sus recursos.--</subfield>
    <subfield code="t">IV. Aspectos socioecon&#xF3;micos.--</subfield>
    <subfield code="t">Bibliograf&#xED;a.--</subfield>
    <subfield code="t">Presentaci&#xF3;n.--</subfield>
    <subfield code="t">R&#xE9;gimen del suelo en la Zona Ambiental "B"</subfield>
  </datafield>
  <datafield tag="505" ind1="0" ind2=" ">
    <subfield code="a">v. 3. Zona Ambiental "C"</subfield>
    <subfield code="t">Presentaci&#xF3;n</subfield>
    <subfield code="t">I. Introducci&#xF3;n.--</subfield>
    <subfield code="t">II. Criterios y objetivos.--</subfield>
    <subfield code="t">III. Descripci&#xF3;n de la ordenaci&#xF3;n.--</subfield>
    <subfield code="t">IV. Gesti&#xF3;n.--</subfield>
    <subfield code="t">V. Mecanismo de compensaci&#xF3;n</subfield>
    <subfield code="t">VI. Recomendaciones Generales.--</subfield>
    <subfield code="t">VII. Planos de Ordenaci&#xF3;n.</subfield>
    <subfield code="t">1. Presentaci&#xF3;n.</subfield>
    <subfield code="t">2. R&#xE9;gimen del suelo protegido.--</subfield>
  </datafield>
  <datafield tag="590" ind1=" " ind2=" ">
    <subfield code="a">Inventariado 2022 / MF</subfield>
  </datafield>
  <datafield tag="650" ind1=" " ind2="4">
    <subfield code="9">50033</subfield>
    <subfield code="a">Zona Verde</subfield>
    <subfield code="z">Santo Domingo, Rep&#xFA;blica Dominicana,  </subfield>
  </datafield>
  <datafield tag="650" ind1=" " ind2="4">
    <subfield code="9">62032</subfield>
    <subfield code="a">Urbanismo</subfield>
    <subfield code="x">Aspectos Ambientales</subfield>
    <subfield code="z">Rep&#xFA;blica Dominicana</subfield>
  </datafield>
  <datafield tag="650" ind1=" " ind2="0">
    <subfield code="a">&#xC1;reas de conservaci&#xF3;n de recursos naturales</subfield>
    <subfield code="9">14508</subfield>
  </datafield>
  <datafield tag="651" ind1=" " ind2=" ">
    <subfield code="9">8513</subfield>
    <subfield code="a">Santo Domingo, Rep&#xFA;blica Dominicana </subfield>
    <subfield code="v">Cintur&#xF3;n Verde</subfield>
  </datafield>
  <datafield tag="830" ind1=" " ind2=" ">
    <subfield code="a">Cintur&#xF3;n Verde de la Ciudad de Santo Domingo</subfield>
    <subfield code="9">81910</subfield>
  </datafield>
  <datafield tag="910" ind1=" " ind2=" ">
    <subfield code="a">MFeliz</subfield>
  </datafield>
  <datafield tag="942" ind1=" " ind2=" ">
    <subfield code="2">ddc</subfield>
    <subfield code="c">LBS1</subfield>
  </datafield>
  <datafield tag="952" ind1=" " ind2=" ">
    <subfield code="0">0</subfield>
    <subfield code="1">0</subfield>
    <subfield code="2">ddc</subfield>
    <subfield code="5">1</subfield>
    <subfield code="7">0</subfield>
    <subfield code="8">PD</subfield>
    <subfield code="a">BNPHU</subfield>
    <subfield code="b">BNPHU</subfield>
    <subfield code="c">CT</subfield>
    <subfield code="d">2022-06-23</subfield>
    <subfield code="l">0</subfield>
    <subfield code="o">P699m</subfield>
    <subfield code="p">2022-3176</subfield>
    <subfield code="r">2022-06-23</subfield>
    <subfield code="t">v.1</subfield>
    <subfield code="w">2022-06-23</subfield>
    <subfield code="y">LBS1</subfield>
  </datafield>
  <datafield tag="952" ind1=" " ind2=" ">
    <subfield code="0">0</subfield>
    <subfield code="1">0</subfield>
    <subfield code="2">ddc</subfield>
    <subfield code="5">1</subfield>
    <subfield code="7">0</subfield>
    <subfield code="8">PD</subfield>
    <subfield code="a">BNPHU</subfield>
    <subfield code="b">BNPHU</subfield>
    <subfield code="c">CT</subfield>
    <subfield code="d">2022-06-23</subfield>
    <subfield code="o">P699m</subfield>
    <subfield code="p">2022-3178</subfield>
    <subfield code="r">2022-06-23</subfield>
    <subfield code="t">v.2</subfield>
    <subfield code="w">2022-06-23</subfield>
    <subfield code="y">LBS1</subfield>
  </datafield>
  <datafield tag="952" ind1=" " ind2=" ">
    <subfield code="0">0</subfield>
    <subfield code="1">0</subfield>
    <subfield code="2">ddc</subfield>
    <subfield code="5">1</subfield>
    <subfield code="7">0</subfield>
    <subfield code="8">PD</subfield>
    <subfield code="a">BNPHU</subfield>
    <subfield code="b">BNPHU</subfield>
    <subfield code="c">CT</subfield>
    <subfield code="d">2022-06-23</subfield>
    <subfield code="l">0</subfield>
    <subfield code="o">P699m</subfield>
    <subfield code="p">2022-3180</subfield>
    <subfield code="r">2022-06-23</subfield>
    <subfield code="t">v.3</subfield>
    <subfield code="w">2022-06-23</subfield>
    <subfield code="y">LBS1</subfield>
  </datafield>
  <datafield tag="999" ind1=" " ind2=" ">
    <subfield code="c">52101</subfield>
    <subfield code="d">52101</subfield>
  </datafield>
</record>
